[Event "RSA-chT U20A"]
[Site "Boksburg"]
[Date "2018.12.16"]
[Round "1.1"]
[White "Agulhas, Keegan"]
[Black "Thabana, Tekano"]
[Result "1-0"]
[WhiteElo "1960"]
[BlackElo "1768"]
[PlyCount "163"]
[EventDate "2018.12.16"]
[EventType "team-tourn"]
[EventRounds "7"]
[EventCountry "RSA"]
[SourceTitle "EXT 2020"]
[Source "ChessBase"]
[SourceDate "2019.10.17"]
[SourceVersion "1"]
[SourceVersionDate "2019.10.17"]
[SourceQuality "1"]
[WhiteTeam "Western Province U20"]
[BlackTeam "Ekurhuleni U20"]
[WhiteTeamCountry "RSA"]
[BlackTeamCountry "RSA"]

1. e4 c5 2. Nf3 e6 3. d4 cxd4 4. Nxd4 a6 5. Bd3 Qc7 6. 0-0 Nf6 7. Qe2 d6 8. c4 Nbd7 9. b3 Be7 10. Nc3 Ne5 11. Bd2 Bd7 12. Rac1 0-0 13. Bb1 Rfe8 14. Kh1 Qb6 15. Nc2 Ng6 16. f4 Qc7 17. Nd4 e5 18. fxe5 Nxe5 19. Nf5 Bf8 20. Bg5 Bc6 21. Bxf6 gxf6 22. Qh5 Rac8 23. Rf4 Ng6 24. Rf3 Re5 25. Rcf1 Rce8 26. Qg4 b5 27. h4 b4 28. Nd5 Bxd5 29. cxd5 Kh8 30. h5 Ne7 31. Rg3 Rxf5 32. exf5 Bh6 33. Qd4 Ng8 34. Qxb4 Re5 35. Qc4 Qb7 36. Qc6 Qxc6 37. dxc6 Rc5 38. Bd3 Rxc6 39. Re1 Bf4 40. Rf3 Be5 41. Bc4 Nh6 42. Rd1 a5 43. a4 Ng4 44. Rd5 Rc5 45. Rxc5 dxc5 46. Bxf7 Kg7 47. Be6 Kh6 48. g3 Kxh5 49. Kg2 Kg5 50. Bc4 Bd4 51. Be2 h5 52. Rf4 Ne3+ 53. Kf3 Nxf5 54. Bd3 Nxg3 55. Rxd4 cxd4 56. Kxg3 h4+ 57. Kf3 h3 58. Kg3 h2 59. Kxh2 Kf4 60. b4 axb4 61. a5 Ke3 62. Bc4 d3 63. a6 d2 64. Bb3 Ke2 65. a7 d1Q 66. Bxd1+ Kxd1 67. a8Q b3 68. Qa4 Kc2 69. Qc4+ Kb2 70. Kg3 Ka3 71. Qc3 Ka2 72. Qa5+ Kb1 73. Qe1+ Kc2 74. Qe4+ Kb2 75. Kf2 f5 76. Qxf5 Ka1 77. Qa5+ Kb1 78. Qf5+ Ka1 79. Qa5+ Kb1 80. Qa3 b2 81. Ke2 Kc2 82. Qd3+ 1-0

[Event "RSA-chT U20"]
[Site "Boksburg"]
[Date "2018.01.07"]
[Round "6.1"]
[White "Agulhas, Keegan"]
[Black "Masiya, Mfundo"]
[Result "0-1"]
[WhiteElo "1937"]
[BlackElo "1787"]
[PlyCount "62"]
[EventDate "2018.01.04"]
[EventType "team-tourn"]
[EventRounds "7"]
[EventCountry "RSA"]
[SourceTitle "CBM 182 Extra"]
[Source "ChessBase"]
[SourceDate "2018.02.23"]
[SourceVersion "1"]
[SourceVersionDate "2018.02.23"]
[SourceQuality "1"]
[WhiteTeam "Western Province U20"]
[BlackTeam "Ekurhuleni U20"]
[WhiteTeamCountry "RSA"]
[BlackTeamCountry "RSA"]

1. e4 c5 2. Nf3 d6 3. d4 cxd4 4. Nxd4 Nf6 5. Nc3 a6 6. Bg5 Nbd7 7. f4 e5 8. Nb3 Be7 9. Qf3 h6 10. Bxf6 Nxf6 11. f5 b5 12. a3 Bb7 13. 0-0-0 Rc8 14. Re1 Rxc3 15. Qxc3 Nxe4 16. Qa5 Bg5+ 17. Kb1 Nd2+ 18. Ka2 Qxa5 19. Nxa5 Bd5+ 20. Nb3 Ke7 21. Rg1 Nxf1 22. Rexf1 Be3 23. g4 Bxg1 24. Rxg1 Rc8 25. Kb1 Bxb3 26. cxb3 d5 27. Re1 Kd6 28. h3 e4 29. b4 Ke5 30. b3 d4 31. Kb2 d3 0-1

[Event "RSA-chT U20"]
[Site "Boksburg"]
[Date "2018.01.05"]
[Round "3.1"]
[White "Agulhas, Keegan"]
[Black "Ndlovu, Sizwe"]
[Result "1-0"]
[WhiteElo "1937"]
[BlackElo "1392"]
[PlyCount "74"]
[EventDate "2018.01.04"]
[EventType "team-tourn"]
[EventRounds "7"]
[EventCountry "RSA"]
[SourceTitle "CBM 182 Extra"]
[Source "ChessBase"]
[SourceDate "2018.02.23"]
[SourceVersion "1"]
[SourceVersionDate "2018.02.23"]
[SourceQuality "1"]
[WhiteTeam "Western Province U20"]
[BlackTeam "Ethekwini U20"]
[WhiteTeamCountry "RSA"]
[BlackTeamCountry "RSA"]

1. e4 d6 2. d4 Nf6 3. Nc3 g6 4. Be3 Bg7 5. Qd2 Ng4 6. Bg5 c6 7. Nf3 Qc7 8. h3 Nf6 9. Bd3 e5 10. 0-0-0 h6 11. Be3 Be6 12. dxe5 dxe5 13. Bc5 Nbd7 14. Ba3 Qa5 15. Kb1 Bf8 16. Bxf8 Kxf8 17. a3 Kg7 18. g4 Ne8 19. Nh4 b5 20. Be2 b4 21. Na2 Qd8 22. Nf3 bxa3 23. Qc3 axb2 24. Nxe5 Qf6 25. Rxd7 Bxd7 26. Nxd7 Qxc3 27. Nxc3 Nf6 28. Nc5 Rhd8 29. Kxb2 Nd7 30. Nb3 Nb6 31. Ra1 Kf6 32. Ra5 Rd7 33. Rc5 Rc8 34. g5+ hxg5 35. Bg4 Rcc7 36. Bxd7 Nxd7 37. Nd5+ Kg7 1-0

[Event "Africa-ch U18"]
[Site "Cairo"]
[Date "2017.12.05"]
[Round "4.3"]
[White "Agulhas, Keegan"]
[Black "Yaser, Kareim"]
[Result "1/2-1/2"]
[WhiteElo "1976"]
[BlackElo "2142"]
[PlyCount "61"]
[EventDate "2017.12.03"]
[EventType "swiss"]
[EventRounds "9"]
[EventCountry "EGY"]
[SourceTitle "EXT 2024"]
[Source "ChessBase"]
[SourceDate "2023.10.10"]
[SourceVersion "1"]
[SourceVersionDate "2023.10.10"]
[SourceQuality "1"]

1. e4 c5 2. Nf3 d6 3. d4 cxd4 4. Nxd4 Nf6 5. Nc3 a6 6. Bg5 e6 7. f4 h6 8. Bh4 Nbd7 9. Qf3 Be7 10. Bd3 g5 11. fxg5 Ne5 12. Qe2 Nfg4 13. Nf3 hxg5 14. Bg3 Qa5 15. 0-0-0 Bd7 16. h3 Nxf3 17. hxg4 Rxh1 18. Rxh1 Ne5 19. Rh8+ Bf8 20. Be1 0-0-0 21. Kb1 Qc7 22. Bd2 Be7 23. Rh5 Rg8 24. Nd1 Bc6 25. Ne3 Kb8 26. c4 Qb6 27. Bc2 Rc8 28. Bc3 Be8 29. Rh1 f6 30. b3 Bg6 31. Bb2 1/2-1/2

[Event "Africa-ch U18"]
[Site "Cairo"]
[Date "2017.12.03"]
[Round "1.1"]
[White "Agulhas, Keegan"]
[Black "Fawzy, Adham"]
[Result "0-1"]
[WhiteElo "1976"]
[BlackElo "2434"]
[PlyCount "94"]
[EventDate "2017.12.03"]
[EventType "swiss"]
[EventRounds "9"]
[EventCountry "EGY"]
[SourceTitle "EXT 2024"]
[Source "ChessBase"]
[SourceDate "2023.10.10"]
[SourceVersion "1"]
[SourceVersionDate "2023.10.10"]
[SourceQuality "1"]

1. e4 c5 2. Nf3 e6 3. d4 cxd4 4. Nxd4 a6 5. Bd3 Nf6 6. 0-0 Qc7 7. Qe2 d6 8. c4 g6 9. Nc3 Bg7 10. h3 0-0 11. Rd1 b6 12. Nf3 Nfd7 13. Bd2 Nc6 14. Rac1 Bb7 15. b3 Nde5 16. Be3 f5 17. Ng5 Rae8 18. f4 Nxd3 19. Qxd3 h6 20. Nf3 Nb4 21. Qxd6 Qxd6 22. Rxd6 Bxe4 23. Nxe4 fxe4 24. Ne5 Nxa2 25. Re1 Nb4 26. Re2 Kh7 27. Rxb6 a5 28. Bd2 Rb8 29. Rxe6 Nd3 30. Nd7 Rfe8 31. R6xe4 Rxe4 32. Rxe4 Rxb3 33. Bxa5 Rb7 34. Re7 Rb1+ 35. Kh2 Kg8 36. c5 Bd4 37. c6 Bg1+ 38. Kg3 Rb3 39. Kg4 Nf2+ 40. Kh4 Bh2 41. Re8+ Kf7 42. Rf8+ Kg7 43. Rf7+ Kxf7 44. Ne5+ Kf6 45. Bd8+ Kg7 46. Nf3 Bxf4 47. c7 Rc3 0-1

[Event "Wch U18"]
[Site "Montevideo"]
[Date "2017.09.25"]
[Round "10"]
[White "Agulhas, Keegan"]
[Black "Aroesti, Roee"]
[Result "0-1"]
[WhiteElo "1906"]
[BlackElo "2261"]
[PlyCount "48"]
[EventDate "2017.09.17"]
[EventType "swiss"]
[EventRounds "11"]
[EventCountry "URU"]
[SourceTitle "EXT 2018"]
[Source "ChessBase"]
[SourceDate "2017.10.13"]
[SourceVersion "1"]
[SourceVersionDate "2017.10.13"]
[SourceQuality "1"]

1. e4 c5 2. Nf3 Nc6 3. d4 cxd4 4. Nxd4 g6 5. Nc3 Bg7 6. Nb3 Nf6 7. Be2 0-0 8. 0-0 a6 9. a4 d6 10. Be3 Be6 11. f4 Na5 12. Nxa5 Qxa5 13. g4 Rac8 14. f5 Bc4 15. g5 Nd7 16. Bxc4 Rxc4 17. Nd5 Rxe4 18. f6 exf6 19. gxf6 Nxf6 20. Rxf6 Rxe3 21. Rxd6 Re4 22. Kh1 Qc5 23. Rd7 Qc6 24. Qd3 Rd4 0-1

[Event "Wch U18"]
[Site "Montevideo"]
[Date "2017.09.24"]
[Round "9"]
[White "Kutsanyan, Andranik"]
[Black "Agulhas, Keegan"]
[Result "1-0"]
[WhiteElo "2232"]
[BlackElo "1906"]
[PlyCount "47"]
[EventDate "2017.09.17"]
[EventType "swiss"]
[EventRounds "11"]
[EventCountry "URU"]
[SourceTitle "CBM 180 Extra"]
[Source "ChessBase"]
[SourceDate "2017.10.06"]
[SourceVersion "1"]
[SourceVersionDate "2017.10.06"]
[SourceQuality "1"]

1. e4 e5 2. Nf3 Nc6 3. Bb5 a6 4. Ba4 Nf6 5. d4 exd4 6. 0-0 Be7 7. Re1 0-0 8. e5 Nd5 9. Bb3 Nb6 10. Nxd4 Nxd4 11. Qxd4 d5 12. exd6 Qxd6 13. Qe4 Bf6 14. Bf4 Qc5 15. Nc3 Bd4 16. Re2 c6 17. Rd1 Bxc3 18. Bd6 Qg5 19. Bxf8 Bf5 20. Qe7 Qxe7 21. Bxe7 Bxb2 22. Rd8+ Rxd8 23. Bxd8 Nd7 24. Re8+ 1-0

[Event "RSA-ch U18"]
[Site "Gauteng"]
[Date "2017.04.08"]
[Round "6"]
[White "Roos, Lucas"]
[Black "Agulhas, Keegan"]
[Result "1-0"]
[WhiteElo "1767"]
[BlackElo "1887"]
[PlyCount "143"]
[EventDate "2017.04.05"]
[EventType "swiss"]
[EventRounds "11"]
[EventCountry "RSA"]
[SourceTitle "CBM 177 Extra"]
[Source "ChessBase"]
[SourceDate "2017.04.27"]
[SourceVersion "1"]
[SourceVersionDate "2017.04.27"]
[SourceQuality "1"]

1. e4 c5 2. Nf3 d6 3. d4 cxd4 4. Nxd4 Nf6 5. Nc3 a6 6. Bg5 e6 7. f4 Qb6 8. Nb3 Be7 9. Qf3 Nbd7 10. 0-0-0 Qc7 11. Bd3 b5 12. Rhe1 Bb7 13. g4 h6 14. Bh4 g5 15. Bg3 b4 16. Nb1 a5 17. Nd4 a4 18. Nb5 Qb8 19. fxg5 hxg5 20. Bf1 e5 21. Qd3 Ra6 22. Qc4 Rc6 23. Qxb4 d5 24. Qxa4 Nc5 25. Qa7 Qc8 26. N5a3 Nfxe4 27. Bb5 0-0 28. Bxc6 Qxc6 29. Qa5 Ba6 30. Nc3 Rc8 31. Bxe5 f6 32. Bd4 Rb8 33. Bxc5 Bxc5 34. Qa4 Qb6 35. Qb3 Qxb3 36. cxb3 Nxc3 37. bxc3 Bxa3+ 38. Kc2 Bd6 39. Rxd5 Bxh2 40. Re7 Be5 41. c4 Bb7 42. Rexe5 fxe5 43. Rxe5 Kf7 44. Rxg5 Kf6 45. Rf5+ Ke6 46. Kc3 Be4 47. Rc5 Bf3 48. g5 Be4 49. a4 Kd6 50. b4 Bg6 51. a5 Rf8 52. Kb3 Be8 53. Rd5+ Ke6 54. b5 Rf1 55. Kb4 Rb1+ 56. Kc5 Bxb5 57. cxb5 Rc1+ 58. Kb6 Kxd5 59. a6 Kc4 60. a7 Rb1 61. a8Q Rxb5+ 62. Kc6 Rxg5 63. Qa4+ Kd3 64. Qd1+ Ke4 65. Qe2+ Kf5 66. Kd5 Kf4+ 67. Kd4 Rg3 68. Qf2+ Rf3 69. Qh4+ Kf5 70. Qe4+ Kg5 71. Qxf3 Kh4 72. Qg2 1-0

[Event "RSA-ch U18"]
[Site "Gauteng"]
[Date "2017.04.07"]
[Round "4"]
[White "Tshabalala, Ernest"]
[Black "Agulhas, Keegan"]
[Result "0-1"]
[WhiteElo "2003"]
[BlackElo "1887"]
[PlyCount "64"]
[EventDate "2017.04.05"]
[EventType "swiss"]
[EventRounds "11"]
[EventCountry "RSA"]
[SourceTitle "CBM 177 Extra"]
[Source "ChessBase"]
[SourceDate "2017.04.27"]
[SourceVersion "1"]
[SourceVersionDate "2017.04.27"]
[SourceQuality "1"]

1. e4 c5 2. Nf3 e6 3. d4 cxd4 4. Nxd4 a6 5. Bd3 Nf6 6. 0-0 Qc7 7. Qe2 d6 8. f4 g6 9. f5 Bg7 10. Bg5 0-0 11. Nd2 e5 12. N4b3 Nbd7 13. a4 b6 14. a5 b5 15. c4 b4 16. c5 dxc5 17. Rac1 Bb7 18. Be3 Rfd8 19. fxg6 hxg6 20. Bc4 Qd6 21. Qf2 Rac8 22. g4 Rf8 23. g5 Nh5 24. Bxf7+ Kh7 25. Qh4 Qd3 26. Rce1 c4 27. Nc1 Qc2 28. Ne2 c3 29. Bb3 Rxf1+ 30. Nxf1 Qxb3 31. bxc3 bxc3 32. Neg3 Qf7 0-1

[Event "Africa-ch U16"]
[Site "Port Elizabeth"]
[Date "2016.08.23"]
[Round "3"]
[White "Agulhas, Keegan"]
[Black "Djabri, Massinas"]
[Result "1-0"]
[WhiteElo "1774"]
[BlackElo "1841"]
[PlyCount "93"]
[EventDate "2016.08.22"]
[EventType "swiss"]
[EventRounds "9"]
[EventCountry "RSA"]
[SourceTitle "CBM 174 Extra"]
[Source "ChessBase"]
[SourceDate "2016.10.10"]
[SourceVersion "1"]
[SourceVersionDate "2016.10.10"]
[SourceQuality "1"]

1. e4 c5 2. Nf3 d6 3. d4 cxd4 4. Nxd4 Nf6 5. Nc3 a6 6. Bg5 e6 7. f4 Be7 8. Qf3 Qc7 9. 0-0-0 Nc6 10. Nxc6 bxc6 11. e5 Nd5 12. Bxe7 Qxe7 13. Ne4 dxe5 14. fxe5 0-0 15. h4 Qb4 16. a3 Qb6 17. Rd3 a5 18. Qg4 a4 19. Rg3 g6 20. Nd6 Rb8 21. Nc4 Qf2 22. Bd3 Qf4+ 23. Qxf4 Nxf4 24. Nd6 Nd5 25. Rf3 f6 26. c4 Ne7 27. exf6 Nf5 28. Bxf5 exf5 29. f7+ Kg7 30. Re1 c5 31. Rfe3 Rb7 32. Nxc8 Rbxf7 33. Nd6 Rd7 34. Re7+ Rxe7 35. Rxe7+ Kf6 36. Re8 Rxe8 37. Nxe8+ Ke5 38. b3 Kd4 39. bxa4 Kxc4 40. Nd6+ Kd5 41. Nb5 h6 42. Kd2 g5 43. hxg5 hxg5 44. Nc3+ Kc6 45. Ke3 f4+ 46. Kf3 Kb6 47. Kg4 1-0

[Event "World ol U16"]
[Site "Poprad"]
[Date "2016.07.29"]
[Round "9.3"]
[White "Du Plessis, Anika"]
[Black "Agulhas, Keegan"]
[Result "1/2-1/2"]
[WhiteElo "1248"]
[BlackElo "1716"]
[PlyCount "133"]
[EventDate "2016.07.22"]
[EventType "team-swiss"]
[EventRounds "9"]
[EventCountry "SVK"]
[SourceTitle "EXT 2017"]
[Source "ChessBase"]
[SourceDate "2016.10.25"]
[SourceVersion "1"]
[SourceVersionDate "2016.10.25"]
[SourceQuality "1"]
[WhiteTeam "South Africa III"]
[BlackTeam "South Africa"]
[WhiteTeamCountry "RSA"]
[BlackTeamCountry "RSA"]

1. d4 Nf6 2. Nf3 g6 3. c4 Bg7 4. Nc3 d6 5. Bg5 0-0 6. e3 a5 7. Bd3 Na6 8. a3 Bd7 9. 0-0 h6 10. Bh4 Qe8 11. Qe2 e5 12. dxe5 dxe5 13. Ne4 Nh7 14. Nc3 f5 15. Bc2 g5 16. Bg3 f4 17. Qd3 Nf6 18. Nd5 e4 19. Nxf6+ Bxf6 20. Qd5+ Qe6 21. Bxe4 fxg3 22. hxg3 c6 23. Qd3 Kh8 24. Nd4 Qd6 25. Rad1 Nc5 26. Qc2 Nxe4 27. Qxe4 Qe5 28. Qxe5 Bxe5 29. Nf3 Rxf3 30. gxf3 Be6 31. b3 a4 32. f4 gxf4 33. exf4 Bg7 34. Rd6 Bh3 35. Re1 axb3 36. Rd3 b2 37. Rb3 Ra7 38. Re8+ Kh7 39. Re7 Bf5 40. Rxb2 Bc8 41. Rb3 Kg6 42. Rc7 Ra8 43. Kg2 Bf8 44. a4 Bd6 45. Rxc8 Rxc8 46. Rxb7 Bc7 47. Kf3 Ba5 48. Ra7 Bb6 49. Ra6 Bd4 50. Kg2 Kf5 51. f3 Ke6 52. Ra5 Rb8 53. Rh5 Bg7 54. Ra5 Rb4 55. c5 Rc4 56. Ra8 Rxc5 57. a5 Rc2+ 58. Kh3 Ra2 59. a6 Bd4 60. Kg4 Kf6 61. Rd8 Bc5 62. Ra8 Bd4 63. Rd8 Bc5 64. Ra8 Bf2 65. Rf8+ Kg7 66. Ra8 Ra5 67. f5 1/2-1/2

[Event "World ol U16"]
[Site "Poprad"]
[Date "2016.07.23"]
[Round "3.3"]
[White "Antolak, Julia"]
[Black "Agulhas, Keegan"]
[Result "1-0"]
[WhiteElo "2059"]
[BlackElo "1716"]
[PlyCount "69"]
[EventDate "2016.07.22"]
[EventType "team-swiss"]
[EventRounds "9"]
[EventCountry "SVK"]
[SourceTitle "EXT 2017"]
[Source "ChessBase"]
[SourceDate "2016.10.25"]
[SourceVersion "1"]
[SourceVersionDate "2016.10.25"]
[SourceQuality "1"]
[WhiteTeam "Poland"]
[BlackTeam "South Africa"]
[WhiteTeamCountry "POL"]
[BlackTeamCountry "RSA"]

1. e4 c5 2. Nf3 e6 3. d4 cxd4 4. Nxd4 a6 5. Bd3 Nf6 6. 0-0 Qc7 7. Qe2 d6 8. f4 g6 9. Nc3 Bg7 10. e5 dxe5 11. Ndb5 axb5 12. Nxb5 Qe7 13. fxe5 0-0 14. exf6 Bxf6 15. c3 Nc6 16. Be3 Rd8 17. b4 Be5 18. g3 f5 19. Rad1 Qg7 20. Bc4 Bxc3 21. Nxc3 Qxc3 22. b5 Rxd1 23. Rxd1 Ne5 24. Bb3 Kf7 25. Rc1 Qb4 26. Rc7+ Nd7 27. Qd3 Kf6 28. h4 Qe4 29. Bg5+ Ke5 30. Bf4+ Kf6 31. Bg5+ Ke5 32. Qf1 Kd6 33. Rc4 Qd5 34. Qf2 Qxb5 35. Qd2+ 1-0

[Event "RSA-chT Regions"]
[Site "Cape Town"]
[Date "2016.01.08"]
[Round "2.1"]
[White "Agulhas, Keegan"]
[Black "Nene, Themba"]
[Result "0-1"]
[WhiteElo "1760"]
[BlackElo "1821"]
[PlyCount "66"]
[EventDate "2016.01.08"]
[EventType "team-swiss"]
[EventRounds "7"]
[EventCountry "RSA"]
[SourceTitle "CBM 170 Extra"]
[Source "ChessBase"]
[SourceDate "2016.02.25"]
[SourceVersion "1"]
[SourceVersionDate "2016.02.25"]
[SourceQuality "1"]
[WhiteTeam "Western Province Youth"]
[BlackTeam "Tshwane White"]
[WhiteTeamCountry "RSA"]
[BlackTeamCountry "RSA"]

1. e4 c5 2. Nf3 Nc6 3. d4 cxd4 4. Nxd4 g6 5. Be3 Nf6 6. Nc3 Bg7 7. Nb3 0-0 8. Be2 e6 9. Bc5 Re8 10. Bd6 Bf8 11. e5 Bxd6 12. Qxd6 Nd5 13. Nxd5 exd5 14. f4 Qb6 15. Qxd5 Nb4 16. Qd2 d6 17. a3 Na6 18. 0-0-0 dxe5 19. fxe5 Bf5 20. Nd4 Rxe5 21. Nxf5 Rxf5 22. Bf3 Rc8 23. Bg4 Rf2 24. Bxc8 Rxd2 25. Rxd2 Nc5 26. Bg4 Ne4 27. Rd7 Nf2 28. Rf1 Nxg4 29. Rdxf7 Ne5 30. Re7 Nd3+ 31. Kd2 Nxb2 32. Rff7 Qd4+ 33. Ke2 Qc4+ 0-1

[Event "RSA-chT Regions"]
[Site "Cape Town"]
[Date "2016.01.08"]
[Round "1.1"]
[White "Nzimande, Cruez"]
[Black "Agulhas, Keegan"]
[Result "0-1"]
[WhiteElo "1476"]
[BlackElo "1760"]
[PlyCount "51"]
[EventDate "2016.01.08"]
[EventType "team-swiss"]
[EventRounds "7"]
[EventCountry "RSA"]
[SourceTitle "CBM 170 Extra"]
[Source "ChessBase"]
[SourceDate "2016.02.25"]
[SourceVersion "1"]
[SourceVersionDate "2016.02.25"]
[SourceQuality "1"]
[WhiteTeam "Johannesburg Metro III"]
[BlackTeam "Western Province Youth"]
[WhiteTeamCountry "RSA"]
[BlackTeamCountry "RSA"]

1. e4 e5 2. Nf3 Nc6 3. Bb5 Nge7 4. c3 g6 5. 0-0 Bg7 6. d4 exd4 7. cxd4 0-0 8. Nc3 d5 9. e5 Bg4 10. Be3 a6 11. Be2 Nf5 12. h3 Nxe3 13. fxe3 Be6 14. Nh2 Qg5 15. Rf3 f6 16. exf6 Rxf6 17. Nf1 Rxf3 18. Bxf3 Ne7 19. Kh2 Rd8 20. Ne2 Bf7 21. Rc1 Qf6 22. Qc2 c6 23. b4 Nf5 24. Neg3 Nxg3 25. Nxg3 Qh4 26. Rb1 0-1

[Event "South African op"]
[Site "Cape Town"]
[Date "2015.07.08"]
[Round "8"]
[White "Wium, Daniel J"]
[Black "Agulhas, Keegan"]
[Result "1-0"]
[WhiteElo "1923"]
[BlackElo "1726"]
[PlyCount "63"]
[EventDate "2015.07.03"]
[EventType "swiss"]
[EventRounds "11"]
[EventCountry "RSA"]
[SourceTitle "CBM 167 Extra"]
[Source "ChessBase"]
[SourceDate "2015.09.14"]
[SourceVersion "1"]
[SourceVersionDate "2015.09.14"]
[SourceQuality "1"]

1. e4 e5 2. Nc3 Nc6 3. Bc4 Bc5 4. d3 d6 5. Na4 Bb6 6. Nxb6 axb6 7. a3 Nf6 8. Ne2 0-0 9. 0-0 d5 10. exd5 Nxd5 11. f4 Bg4 12. h3 Bxe2 13. Qxe2 Nxf4 14. Bxf4 exf4 15. Rxf4 Qd6 16. Raf1 Ne5 17. Bb3 c5 18. Qh5 Qc7 19. Rh4 h6 20. Kh1 b5 21. Re4 c4 22. Qxe5 Qxe5 23. Rxe5 cxb3 24. c3 Ra5 25. Re7 b6 26. Rb7 Ra6 27. d4 g6 28. Rf6 Re8 29. Rfxf7 Re2 30. Rfc7 Ra8 31. Rxb6 Rxb2 32. Rxb5 1-0

[Event "South African op"]
[Site "Cape Town"]
[Date "2015.07.04"]
[Round "2"]
[White "Mthunzi, Clive"]
[Black "Agulhas, Keegan"]
[Result "1/2-1/2"]
[WhiteElo "1853"]
[BlackElo "1726"]
[PlyCount "75"]
[EventDate "2015.07.03"]
[EventType "swiss"]
[EventRounds "11"]
[EventCountry "RSA"]
[SourceTitle "CBM 167 Extra"]
[Source "ChessBase"]
[SourceDate "2015.09.14"]
[SourceVersion "1"]
[SourceVersionDate "2015.09.14"]
[SourceQuality "1"]

1. d4 Nf6 2. Nf3 g6 3. g3 Bg7 4. Bg2 0-0 5. 0-0 d6 6. c4 Nc6 7. Nc3 e5 8. dxe5 dxe5 9. Bg5 Be6 10. Nd5 Bxd5 11. Bxf6 Bxf6 12. cxd5 Ne7 13. e4 c6 14. dxc6 Nxc6 15. Qb3 Qe7 16. Rfd1 Rfd8 17. Bf1 Rxd1 18. Rxd1 Rd8 19. Rxd8+ Nxd8 20. Bc4 Nc6 21. Bd5 Nd4 22. Nxd4 exd4 23. f4 d3 24. Qxd3 Bxb2 25. Kg2 Ba3 26. Qb3 b6 27. Bxf7+ Kg7 28. Bd5 Qc5 29. Bg8 Qf8 30. Bd5 Qc5 31. Qa4 b5 32. Qa6 Kh6 33. Kh3 Bc1 34. Qb7 Bxf4 35. Qc6 Bd6 36. Qd7 a5 37. Qf7 Qb4 38. Qf3 1/2-1/2

[Event "RSA-ch U16"]
[Site "Waterkloof"]
[Date "2015.04.09"]
[Round "9"]
[White "Agulhas, Keegan"]
[Black "Roos, Lucas"]
[Result "0-1"]
[WhiteElo "1716"]
[BlackElo "1682"]
[PlyCount "88"]
[EventDate "2015.04.04"]
[EventType "swiss"]
[EventRounds "9"]
[EventCountry "RSA"]
[SourceTitle "CBM 166 Extra"]
[Source "ChessBase"]
[SourceDate "2015.06.18"]
[SourceVersion "1"]
[SourceVersionDate "2015.06.18"]
[SourceQuality "1"]

1. e4 e6 2. d4 d5 3. e5 c5 4. c3 Qb6 5. Nf3 Nc6 6. Be2 cxd4 7. cxd4 Nh6 8. Nc3 Nf5 9. Na4 Qa5+ 10. Bd2 Bb4 11. Bc3 Bxc3+ 12. Nxc3 Qb4 13. Qd2 Nfxd4 14. Nb5 Nxf3+ 15. gxf3 Qxd2+ 16. Kxd2 Ke7 17. f4 a6 18. Na3 Bd7 19. Nc2 Rac8 20. Rhg1 g6 21. h4 h5 22. Rg3 Rc7 23. Rc3 Rhc8 24. Rc1 Kd8 25. Bd3 Na7 26. Nd4 Bb5 27. Bxb5 Nxb5 28. Nxb5 axb5 29. Rxc7 Rxc7 30. Rxc7 Kxc7 31. b4 Kb6 32. Kc3 Kc6 33. Kd4 b6 34. a3 Kd7 35. Ke3 Ke7 36. Kd4 f6 37. Ke3 fxe5 38. fxe5 g5 39. hxg5 h4 40. f4 h3 41. Kf3 d4 42. f5 exf5 43. g6 d3 44. e6 Kxe6 0-1